Statistics for NBA 2010s Conference Finals Starters

Click here to take the quiz!

General Stats

  • This quiz has been taken 64 times
  • The average score is 83 of 114

Answer Stats

Player % Correct
Russell Westbrook
100%
LeBron James
100%
Kawhi Leonard
100%
Kyrie Irving
100%
James Harden
100%
Dwyane Wade
100%
Kevin Durant
100%
David West
100%
Stephen Curry
100%
Klay Thompson
100%
Derrick Rose
100%
Tristan Thompson
100%
Danny Green
98%
Chris Bosh
98%
Tony Parker
98%
Tim Duncan
98%
Kyle Lowry
98%
Draymond Green
98%
Kevin Garnett
98%
Kobe Bryant
98%
Giannis Antetokounmpo
98%
Damian Lillard
98%
Marc Gasol
96%
Dirk Nowitzki
96%
Rajon Rondo
96%
Ray Allen
96%
Josh Smith
96%
Kevin Love
96%
J.R. Smith
96%
Tony Allen
96%
Pau Gasol
96%
Dwight Howard
96%
Paul Pierce
94%
Steve Nash
94%
Pascal Siakam
92%
Meyers Leonard
92%
Chris Paul
92%
Jason Kidd
92%
Paul George
90%
Robin Lopez
90%
CJ McCollum
90%
Brook Lopez
90%
Isaiah Thomas
88%
Al Horford
88%
Clint Capela
88%
Kendrick Perkins
87%
Khris Middleton
87%
Jayson Tatum
87%
Serge Ibaka
87%
Jaylen Brown
87%
Andre Iguodala
85%
DeMar DeRozan
85%
LaMarcus Aldridge
85%
Amar'e Stoudemire
85%
Joakim Noah
85%
Derek Fisher
79%
Mario Chalmers
77%
Eric Bledsoe
77%
Steven Adams
77%
Andrew Bynum
75%
Shawn Marion
75%
Kyle Korver
75%
Mike Conley
75%
Zach Randolph
73%
Zaza Pachulia
73%
Tyson Chandler
71%
Jeff Teague
69%
Andrew Bogut
69%
Jason Terry
67%
Grant Hill
67%
George Hill
67%
Matt Barnes
67%
Harrison Barnes
67%
P.J. Tucker
67%
Patty Mills
65%
Ron Artest
65%
Luol Deng
65%
Marcus Smart
63%
Paul Millsap
63%
Jameer Nelson
63%
Andre Roberson
60%
Trevor Ariza
60%
Udonis Haslem
58%
Shane Battier
56%
Tiago Splitter
56%
Carlos Boozer
56%
Terry Rozier
54%
Roy Hibbert
52%
Lance Stephenson
52%
Joel Anthony
50%
Boris Diaw
48%
Rashard Lewis
48%
Kevon Looney
46%
Timofey Mozgov
44%
Al-Farouq Aminu
44%
DeMarre Carroll
42%
Vince Carter
42%
Avery Bradley
40%
Reggie Jackson
38%
Jae Crowder
38%
Thabo Sefolosha
37%
Marcus Morris
35%
Iman Shumpert
35%
Jason Richardson
35%
Maurice Harkless
33%
DeShawn Stevenson
27%
Bismack Biyombo
27%
Mike Bibby
21%
Nikola Mirotić
19%
Tayshaun Prince
15%
Jonathon Simmons
15%
Brandon Bass
13%
Luis Scola
12%
Keith Bogans
12%

Score Distribution

Percentile by Number Answered

Percent of People with Each Score

Your Score History

You have not taken this quiz